000 01112cam a2200217 4500
001 ##L134559
008 060816n2006 000 0 eng u
020 _a0105626066
035 _a(Sirsi) u134559
041 0 _aeng
050 0 4 _a333.32 $2 18
245 0 0 _aCommons Act 2006
260 _aLondon
_bTSO
_c2006
520 _aReceived Royal Assent on 19 July 2006. The Act gives effect to the recommendations set out in the Common Land Policy Statement with respect to the registration of common land and town or village greens, works and fencing on common land, and the agricultural use and management of common land. Makes more limited changes to the law with regard to town or village greens, principally in relation to the registrations of and the criteria for registering new greens. The Act extends only to England and Wales.
590 _aIKA220806
650 2 4 _aCOMMONS ACT 2006
651 4 _aEngland and Wales
_y1543-
690 _aPROPERTY-RURAL AND NATURAL ASSETS-LAND
856 4 0 _uhttps://www.opsi.gov.uk/acts/acts2006a.htm
_zView the Act free of charge at www.opsi.gov.uk...
942 _n0
999 _c105728
_d105728